Nonlinear ordinary differential equations in transport processes /

Guardado en:
Autor Principal: Ames, William F.
Formato: Libro
Idioma:English
Publicado: New York : Academic Press, 1968.
Series:Mathematics in science and engineering ; 42
Materias:
Etiquetas: Agregar Etiqueta
Sin Etiquetas, Sea el primero en etiquetar este registro!
LEADER 00743cam a22002171a 4500
001 MAT.inmabb002966
008 700928s1968####nyua#####b####001#0#eng##
005 20160308112547.0
245 1 0 |a Nonlinear ordinary differential equations in transport processes /  |c William F. Ames. 
260 |a New York :  |b Academic Press,  |c 1968. 
300 |a xiii, 265 p. :  |b il. ;  |c 24 cm. 
440 0 |a Mathematics in science and engineering ;  |v 42 
504 |a Incluye referencias bibliográficas. 
020 |a 0120567539 
100 1 |a Ames, William F. 
650 0 |a Transport theory. 
650 0 |a Differential equations, Nonlinear. 
084 |a 34A34 (82C70)  |2 msc2000 
010 |a  68018651  
040 |a DLC  |c DLC  |d DLC 
859 |h 34  |i Am513  |p A-4873  |b BIB. MATEMATICA